000 00637nam a22001577a 4500
008 140902b xxu||||| |||| 00| 0 eng d
020 _a0406090394
050 _aKD275.3.L39(1965-69 vol. 1-2)
245 _aThe Law Reports (1965-69 vol. 1-2) Privy Council: Privy Council Appeals, Cases heard and determined by the Judicial Committee and the Lords of Her Majesty's most Honorable Privy Council. /
_cReported by Edmund F. Moore
260 _aLondon:
_bButterworth,
_c1965.
300 _ax, 552 pagings
_c24cm.
440 _pAppeal cases, 1865-1869
_vVol. 1&2
700 _aMoore, Edmund F.
800 _aMoore, F. Edmund
942 _2lcc
_cBK
999 _c3978
_d11478